000 02115nam0a2200337 4500
001 RU\NLR\BIBL_A\012046245
005 20260407115659.0
035 _a(NLR Aleph) 012046245
090 _a11626077
_c11626077
100 _a20190625d1897 |||y0rusy50 ca
101 0 _arus
102 _aRU
105 _ay z 000zy
200 1 _aО предоставлении права на заштатное жалованье лицам учебно-воспитательного персонала женских гимназий и прогимназий, увольняемым от должностей по случаю упразднения оных
_eв Государственный Совет
_fМинистерство Народного Просвещения. Департамент. Разряд Женских Учебных Заведений. 18 сентября 1897 года. № 24966
210 _a[Санкт-Петербург
_cб. и.]
_d1897
215 _a5 с.
_d34
300 _aВ конце текста: Подписал: Министр Народного Просвещения, Статс-Секретарь Граф Делянов; Скрепил: Директор В. Латышев
300 _aНа стр.: 1, 5: DCL, 2
309 _aБез тит. л. и обл.
606 1 _aЖенские гимназии
_xПреподаватели
_xЗаработная плата
_92420871
_3RU\NLR\AUTH\6601660342
686 3 _aЧ424(28)735.1
702 1 _4720
_8rus
_7ca
_aДелянов
_bИ. Д.
_f1818-1897
_gИван Давыдович
_3RU\NLR\AUTH\7785868
_968796
702 1 _4720
_8rus
_7ca
_aЛатышев
_bВ. В.
_f1855-1921
_gВасилий Васильевич
_3RU\NLR\AUTH\7788197
_971125
711 0 1 _aРоссия
_bДепартамент народного просвещения
_3RU\NLR\AUTH\889931876
_9359137
711 0 1 _aРоссия
_bГосударственный совет
_3RU\NLR\AUTH\889948587
_9392796
852 _aNLR
_j135/294-319(41)
942 _cBOOK
980 _aNB